[Event "TUR Cup"]
[Site "Adapazari"]
[Date "2022.03.28"]
[Round "6"]
[White "Once, Ahmet Asim"]
[Black "Zuberoglu, Ibrahim Berk"]
[Result "0-1"]
[WhiteElo "1461"]
[BlackElo "1780"]
[PlyCount "83"]
[EventDate "2022.03.25"]
[EventType "swiss"]
[EventRounds "11"]
[EventCountry "TUR"]
[SourceTitle "EXT 2023"]
[Source "ChessBase"]
[SourceDate "2022.10.05"]
[SourceVersion "1"]
[SourceVersionDate "2022.10.05"]
[SourceQuality "1"]

1. d4 Nf6 2. Nf3 g6 3. Bf4 Bg7 4. e3 d6 5. Nbd2 0-0 6. Bd3 Nc6 7. c3 e5 8. Bg5 h6 9. Bxf6 Bxf6 10. Qc2 Bg7 11. h4 Be6 12. Nf1 Qe7 13. dxe5 dxe5 14. h5 f5 15. Nh4 e4 16. Nxg6 Qc5 17. Nxf8 Rxf8 18. Be2 Nb4 19. Qc1 Nxa2 20. Rxa2 Bxa2 21. Nd2 Be6 22. Qc2 Kh8 23. Nb3 Qe7 24. Nd4 Bd7 25. Qb3 c5 26. Nb5 a6 27. Nc7 Qd6 28. Nd5 c4 29. Bxc4 b5 30. Be2 Be6 31. c4 bxc4 32. Bxc4 Bxd5 33. Bxd5 Rd8 34. 0-0 Qxd5 35. Qb6 Qd6 36. Qb7 Rb8 37. Qf7 Qf6 38. Qd5 Qg5 39. b3 Rd8 40. Qf7 Be5 41. g3 Rg8 42. Kh2 0-1

[Event "TUR-chT 2nd League"]
[Site "Konya"]
[Date "2019.07.28"]
[Round "9.1"]
[White "Zuberoglu, Ibrahim Berk"]
[Black "Sahutoglu, Mehmet Ibrahim"]
[Result "0-1"]
[WhiteElo "1737"]
[BlackElo "1898"]
[PlyCount "124"]
[EventDate "2019.07.22"]
[EventType "team-swiss"]
[EventRounds "9"]
[EventCountry "TUR"]
[SourceTitle "CBM 191 Extra"]
[Source "ChessBase"]
[SourceDate "2019.09.30"]
[SourceVersion "1"]
[SourceVersionDate "2019.09.30"]
[SourceQuality "1"]
[WhiteTeam "Beyazkale Satranc Evi"]
[BlackTeam "Samandag Altin"]
[WhiteTeamCountry "TUR"]
[BlackTeamCountry "TUR"]

1. Nf3 d5 2. c4 d4 3. g3 g6 4. Bg2 Bg7 5. 0-0 e5 6. d3 Ne7 7. e3 Nbc6 8. exd4 Nxd4 9. Nxd4 Qxd4 10. Nc3 c6 11. Be3 Qd6 12. Ne4 Qc7 13. Bc5 0-0 14. Bd6 Qd7 15. Qb3 Rd8 16. f4 exf4 17. Rxf4 Nf5 18. c5 Nd4 19. Qd1 f5 20. Ng5 h6 21. Nf3 Nb5 22. Qb3+ Qe6 23. Qxe6+ Bxe6 24. Be5 Rxd3 25. a4 g5 26. Rb4 Bxe5 27. Nxe5 Rd4 28. Nxc6 bxc6 29. Rxb5 cxb5 30. Bxa8 bxa4 31. Rc1 Kf7 32. c6 Rd8 33. Bb7 Bc8 34. Rc5 Bxb7 35. cxb7 Rd1+ 36. Kf2 Rd2+ 37. Ke3 Rxb2 38. Rxf5+ Ke6 39. Ra5 Rxb7 40. Rxa4 Kd5 41. Kd3 Kc5 42. Kc3 Rf7 43. Ra6 Rh7 44. Ra5+ Kb6 45. Kb4 a6 46. Re5 Rc7 47. Rf5 Rc6 48. Re5 Rd6 49. Rf5 Re6 50. Kc4 Re4+ 51. Kd3 Re6 52. Kc4 a5 53. Rb5+ Ka6 54. Rb8 Rc6+ 55. Kd5 Rb6 56. Rc8 Kb5 57. Rc1 a4 58. Rb1+ Ka5 59. Ra1 Rb2 60. Ke4 Rxh2 61. Kf5 Kb4 62. Kg6 a3 0-1

[Event "TUR-chT 2nd League"]
[Site "Konya"]
[Date "2019.07.25"]
[Round "5.2"]
[White "Zuberoglu, Ibrahim Berk"]
[Black "Danaci, Ege"]
[Result "1-0"]
[WhiteElo "1737"]
[BlackElo "1976"]
[PlyCount "131"]
[EventDate "2019.07.22"]
[EventType "team-swiss"]
[EventRounds "9"]
[EventCountry "TUR"]
[SourceTitle "CBM 191 Extra"]
[Source "ChessBase"]
[SourceDate "2019.09.30"]
[SourceVersion "1"]
[SourceVersionDate "2019.09.30"]
[SourceQuality "1"]
[WhiteTeam "Beyazkale Satranc Evi"]
[BlackTeam "Apaydin Satranc Spor"]
[WhiteTeamCountry "TUR"]
[BlackTeamCountry "TUR"]

1. Nf3 Nf6 2. g3 e6 3. Bg2 d5 4. c4 dxc4 5. a4 Nc6 6. a5 Bb4 7. a6 0-0 8. 0-0 Nd5 9. Qc2 b5 10. b3 cxb3 11. Qxb3 Rb8 12. Bb2 Na5 13. Qc2 Nc4 14. Ne5 Nxe5 15. Bxe5 Be7 16. e4 Bf6 17. Bxf6 Qxf6 18. Ra5 Nb4 19. Qxc7 Bxa6 20. Qc5 Qb2 21. Nc3 Rfc8 22. Qe3 Qc2 23. e5 Rb6 24. Be4 Qb3 25. Rb1 Qc4 26. Ne2 Nd5 27. Qf3 b4 28. d3 Qc7 29. Bxd5 exd5 30. Nf4 Qxe5 31. Nxd5 Rbc6 32. Kg2 Bb7 33. Rxa7 R6c7 34. Ra5 Rc5 35. Rxc5 Rxc5 36. Nf6+ gxf6 37. Qxb7 Rb5 38. Qc8+ Kg7 39. Qg4+ Qg5 40. Rxb4 Rd5 41. Qc8 Rc5 42. Qg4 Rd5 43. Qf3 h5 44. h4 Qf5 45. Qxf5 Rxf5 46. Rf4 Rd5 47. d4 f5 48. Kf3 Kf6 49. Ke3 Ra5 50. Kd3 Ra1 51. Kc4 Ra3 52. Kb4 Rd3 53. Kc4 Ra3 54. Kb4 Rd3 55. Kc5 Ke6 56. Kc4 Ra3 57. d5+ Ke5 58. Kc5 Rc3+ 59. Rc4 Rd3 60. f4+ Kf6 61. Kd6 Rxg3 62. Kd7 Rd3 63. Rc6+ Kg7 64. d6 f6 65. Kc8 Kf7 66. Rc7+ 1-0

[Event "TUR-chT 2nd League"]
[Site "Konya"]
[Date "2019.07.22"]
[Round "1.2"]
[White "Zuberoglu, Ibrahim Berk"]
[Black "Isik, Burak Alp"]
[Result "1-0"]
[WhiteElo "1737"]
[BlackElo "1599"]
[PlyCount "51"]
[EventDate "2019.07.22"]
[EventType "team-swiss"]
[EventRounds "9"]
[EventCountry "TUR"]
[SourceTitle "CBM 191 Extra"]
[Source "ChessBase"]
[SourceDate "2019.09.30"]
[SourceVersion "1"]
[SourceVersionDate "2019.09.30"]
[SourceQuality "1"]
[WhiteTeam "Beyazkale Satranc Evi"]
[BlackTeam "Karaman Yunus Ortaokulu"]
[WhiteTeamCountry "TUR"]
[BlackTeamCountry "TUR"]

1. Nf3 d5 2. c4 e6 3. g3 Nf6 4. Bg2 Be7 5. 0-0 0-0 6. d4 c6 7. Qc2 b6 8. Nbd2 Bb7 9. e4 h6 10. e5 Nh7 11. h4 Na6 12. a3 Nc7 13. Re1 c5 14. dxc5 bxc5 15. Nb3 dxc4 16. Na5 Bd5 17. Nxc4 Bxc4 18. Qxc4 Qd5 19. Qc2 Rab8 20. Ng5 hxg5 21. Bxd5 Nxd5 22. hxg5 Nxg5 23. Kg2 g6 24. Qa4 Kg7 25. Rh1 Rb7 26. Qh4 1-0

[Event "Hatay op 10th"]
[Site "Hatay"]
[Date "2018.09.10"]
[Round "9"]
[White "Zuberoglu, Ibrahim Berk"]
[Black "Aslan, Muhammed Sadik"]
[Result "1-0"]
[WhiteElo "1633"]
[BlackElo "1582"]
[PlyCount "34"]
[EventDate "2018.09.02"]
[EventType "swiss"]
[EventRounds "9"]
[EventCountry "TUR"]
[SourceTitle "CBM 186 Extra"]
[Source "ChessBase"]
[SourceDate "2018.08.24"]
[SourceVersion "1"]
[SourceVersionDate "2018.08.24"]
[SourceQuality "1"]

1. e4 c6 2. d4 d5 3. e5 Bf5 4. h4 h5 5. Bg5 Qb6 6. Bd3 Bxd3 7. Qxd3 Qxb2 8. e6 Qxa1 9. Qb3 Qxd4 10. Be3 Qg4 11. Qxb7 fxe6 12. Qxa8 Qb4+ 13. Nd2 Kf7 14. Ngf3 Qd6 15. Bxa7 Nd7 16. Ng5+ Kf6 17. Nde4+ Ke5 1-0